<?xml version="1.0" encoding="UTF-8"?>
<record
    xmlns:xsi="http://www.w3.org/2001/XMLSchema-instance"
    xsi:schemaLocation="http://www.loc.gov/MARC21/slim http://www.loc.gov/standards/marcxml/schema/MARC21slim.xsd"
    xmlns="http://www.loc.gov/MARC21/slim">

  <leader>01059nam a22002657a 4500</leader>
  <controlfield tag="003">OSt</controlfield>
  <controlfield tag="005">20240703113944.0</controlfield>
  <controlfield tag="008">240628b           ||||| |||| 00| 0 eng d</controlfield>
  <datafield tag="040" ind1=" " ind2=" ">
    <subfield code="c">AIMIT LIBRARY</subfield>
  </datafield>
  <datafield tag="082" ind1=" " ind2=" ">
    <subfield code="a">338.04</subfield>
    <subfield code="b">SEDM</subfield>
  </datafield>
  <datafield tag="245" ind1=" " ind2=" ">
    <subfield code="a">Sedme: </subfield>
    <subfield code="b">small enterprises development management and extension journal /</subfield>
    <subfield code="c">Edited by M.Chandrasekhar Reddy, Jayakar Rao Gutty and Dibyendu Choudhury.</subfield>
  </datafield>
  <datafield tag="260" ind1=" " ind2=" ">
    <subfield code="a">Hyderabad :</subfield>
    <subfield code="b">National Institute for Micro  Small and Medium Enterprises ,</subfield>
    <subfield code="c">2016.</subfield>
  </datafield>
  <datafield tag="300" ind1=" " ind2=" ">
    <subfield code="b">HB</subfield>
    <subfield code="c">24 cm.</subfield>
  </datafield>
  <datafield tag="440" ind1=" " ind2=" ">
    <subfield code="a">Sedme</subfield>
    <subfield code="v">Vol.43 No.1-4/2016,Vol.44 No.1-4/2017</subfield>
    <subfield code="9">171870</subfield>
  </datafield>
  <datafield tag="440" ind1=" " ind2=" ">
    <subfield code="v">Vol.39 No.1-4/2012</subfield>
  </datafield>
  <datafield tag="440" ind1=" " ind2=" ">
    <subfield code="v">Vol.36 No.4/2009, Vol.37 No.3&amp;4/2010</subfield>
  </datafield>
  <datafield tag="440" ind1=" " ind2=" ">
    <subfield code="v">Vol.40 No.4/2013, Vol.41 No.1-3/2014</subfield>
  </datafield>
  <datafield tag="440" ind1=" " ind2=" ">
    <subfield code="v">Vol.38 No.4/2011, Vol.40 No.1-3/2013</subfield>
  </datafield>
  <datafield tag="440" ind1=" " ind2=" ">
    <subfield code="v">Vol.41 No.4/2014, Vol.42 No.1-4/2015</subfield>
  </datafield>
  <datafield tag="440" ind1=" " ind2=" ">
    <subfield code="v">Vol.38 No.1-3/2011</subfield>
  </datafield>
  <datafield tag="650" ind1=" " ind2=" ">
    <subfield code="a">Socio economic conditions of MSMEs in nellore district</subfield>
    <subfield code="9">171871</subfield>
  </datafield>
  <datafield tag="650" ind1=" " ind2=" ">
    <subfield code="2">Motivates the entrepreneur</subfield>
  </datafield>
  <datafield tag="650" ind1=" " ind2=" ">
    <subfield code="a">Pyramid of firms in north eastern</subfield>
    <subfield code="9">171879</subfield>
  </datafield>
  <datafield tag="942" ind1=" " ind2=" ">
    <subfield code="2">ddc</subfield>
    <subfield code="c">BV</subfield>
  </datafield>
  <datafield tag="999" ind1=" " ind2=" ">
    <subfield code="c">231330</subfield>
    <subfield code="d">231330</subfield>
  </datafield>
  <datafield tag="952" ind1=" " ind2=" ">
    <subfield code="0">0</subfield>
    <subfield code="1">0</subfield>
    <subfield code="2">ddc</subfield>
    <subfield code="4">0</subfield>
    <subfield code="7">0</subfield>
    <subfield code="8">MBA</subfield>
    <subfield code="a">AIMIT</subfield>
    <subfield code="b">AIMIT</subfield>
    <subfield code="c">BV</subfield>
    <subfield code="d">2024-06-28</subfield>
    <subfield code="h">Vol.43 No.1-4/2016/ Vol.44 No.1-4/2017</subfield>
    <subfield code="l">0</subfield>
    <subfield code="o">338.04 SEDM</subfield>
    <subfield code="p">BVM943</subfield>
    <subfield code="r">2024-06-28 00:00:00</subfield>
    <subfield code="w">2024-06-28</subfield>
    <subfield code="y">BV</subfield>
  </datafield>
  <datafield tag="952" ind1=" " ind2=" ">
    <subfield code="0">0</subfield>
    <subfield code="1">0</subfield>
    <subfield code="2">ddc</subfield>
    <subfield code="4">0</subfield>
    <subfield code="7">0</subfield>
    <subfield code="8">MBA</subfield>
    <subfield code="a">AIMIT</subfield>
    <subfield code="b">AIMIT</subfield>
    <subfield code="c">BV</subfield>
    <subfield code="d">2024-06-28</subfield>
    <subfield code="h">Vol.39 No.1-4/2012</subfield>
    <subfield code="l">0</subfield>
    <subfield code="o">338.04 SEDM</subfield>
    <subfield code="p">BVM830</subfield>
    <subfield code="r">2024-06-29 00:00:00</subfield>
    <subfield code="w">2024-06-28</subfield>
    <subfield code="y">BV</subfield>
  </datafield>
  <datafield tag="952" ind1=" " ind2=" ">
    <subfield code="0">0</subfield>
    <subfield code="1">0</subfield>
    <subfield code="2">ddc</subfield>
    <subfield code="4">0</subfield>
    <subfield code="7">0</subfield>
    <subfield code="8">MBA</subfield>
    <subfield code="a">AIMIT</subfield>
    <subfield code="b">AIMIT</subfield>
    <subfield code="c">BV</subfield>
    <subfield code="d">2024-06-28</subfield>
    <subfield code="h">Vol.38 No.1-3/2011</subfield>
    <subfield code="l">0</subfield>
    <subfield code="o">338.04 SEDM</subfield>
    <subfield code="p">BVM712</subfield>
    <subfield code="r">2024-07-01 00:00:00</subfield>
    <subfield code="w">2024-06-28</subfield>
    <subfield code="y">BV</subfield>
  </datafield>
  <datafield tag="952" ind1=" " ind2=" ">
    <subfield code="0">0</subfield>
    <subfield code="1">0</subfield>
    <subfield code="2">ddc</subfield>
    <subfield code="4">0</subfield>
    <subfield code="7">0</subfield>
    <subfield code="8">MBA</subfield>
    <subfield code="a">AIMIT</subfield>
    <subfield code="b">AIMIT</subfield>
    <subfield code="c">BV</subfield>
    <subfield code="d">2024-06-28</subfield>
    <subfield code="h">Vol.41 No.4/2014/ Vol.42 No.1-4/2015</subfield>
    <subfield code="l">0</subfield>
    <subfield code="o">338.04 SEDM</subfield>
    <subfield code="p">BVM713</subfield>
    <subfield code="r">2024-07-01 00:00:00</subfield>
    <subfield code="w">2024-06-28</subfield>
    <subfield code="y">BV</subfield>
  </datafield>
  <datafield tag="952" ind1=" " ind2=" ">
    <subfield code="0">0</subfield>
    <subfield code="1">0</subfield>
    <subfield code="2">ddc</subfield>
    <subfield code="4">0</subfield>
    <subfield code="7">0</subfield>
    <subfield code="8">MBA</subfield>
    <subfield code="a">AIMIT</subfield>
    <subfield code="b">AIMIT</subfield>
    <subfield code="c">BV</subfield>
    <subfield code="d">2024-06-28</subfield>
    <subfield code="h">Vol.38 No.4/2011/Vol.40 No.1-3/2013</subfield>
    <subfield code="l">0</subfield>
    <subfield code="o">338.04 SEDM</subfield>
    <subfield code="p">BVM829</subfield>
    <subfield code="r">2024-07-01 00:00:00</subfield>
    <subfield code="w">2024-06-28</subfield>
    <subfield code="y">BV</subfield>
  </datafield>
  <datafield tag="952" ind1=" " ind2=" ">
    <subfield code="0">0</subfield>
    <subfield code="1">0</subfield>
    <subfield code="2">ddc</subfield>
    <subfield code="4">0</subfield>
    <subfield code="7">0</subfield>
    <subfield code="8">MBA</subfield>
    <subfield code="a">AIMIT</subfield>
    <subfield code="b">AIMIT</subfield>
    <subfield code="c">BV</subfield>
    <subfield code="d">2024-06-28</subfield>
    <subfield code="h">Vol.40 No.4/2013/ Vol.41 No.1-3/2014</subfield>
    <subfield code="l">0</subfield>
    <subfield code="o">338.04 SEDM</subfield>
    <subfield code="p">BVM831</subfield>
    <subfield code="r">2024-07-01 00:00:00</subfield>
    <subfield code="w">2024-06-28</subfield>
    <subfield code="y">BV</subfield>
  </datafield>
  <datafield tag="952" ind1=" " ind2=" ">
    <subfield code="0">0</subfield>
    <subfield code="1">0</subfield>
    <subfield code="2">ddc</subfield>
    <subfield code="4">0</subfield>
    <subfield code="7">0</subfield>
    <subfield code="8">MBA</subfield>
    <subfield code="a">AIMIT</subfield>
    <subfield code="b">AIMIT</subfield>
    <subfield code="c">BV</subfield>
    <subfield code="d">2024-06-28</subfield>
    <subfield code="h">Vol.36 No.4/2009/ Vol.37 No.3&amp;4/2010</subfield>
    <subfield code="l">0</subfield>
    <subfield code="o">338.04 SEDM</subfield>
    <subfield code="p">BVM711</subfield>
    <subfield code="r">2024-07-01 00:00:00</subfield>
    <subfield code="w">2024-06-28</subfield>
    <subfield code="y">BV</subfield>
  </datafield>
</record>
